000 00251nam a2200109Ia 4500
008 221009s9999 xx 000 0 und d
082 _a302.4/GUP
100 _aGupta, Dipankar
_9451
245 0 _aMistaken Modernity
260 _bNew Delhi
942 _cBK
999 _c64844
_d64844